00883nab a22001937a 4500999001500000003000400015005001700019008004100036040000700077100003200084245016900116300001500285505015300300505007200453650002800525650001900553773010400572942001300676 c5828d5828OSt20260107123010.0190514b xxu||||| |||| 00| 0 spa d cPJ 96732aRaganato, Claudia G. 10aRazonabilidad y proporcionalidad de las medidas para la efectividad de la sentencia de alimentos Impacto del fondo de garantía alimentaria /cClaudia G. Raganato. ap. 118-130 aSumario: I. Introducción.— II. La razonabilidad y proporcionalidad de las medidas.— III. Fondo de garantía alimentaria.— IV. Conclusiones. tSi te interesa el texto, comunicate a koha@justierradelfuego.gov.ar 09967aDERECHO DE FAMILIA 09968aALIMENTOS0 0284493222dBuenos Aires : AbeledoPerrot, 1989-tDerecho de familia. N° 118 - Marzo 2025z18511201 2udccANA